Halo, tu Okęcie wieża! Wspomnienia nestora kontrolerów ruchu lotniczego Międzynarodowego Dworca Lotniczego w Warszawie

Titel: Halo, tu Okęcie wieża! Wspomnienia nestora kontrolerów ruchu lotniczego Międzynarodowego Dworca Lotniczego w Warszawie
Verfasser:
Veröffentlicht: Gdańsk : Marpress, 2008
Umfang: 157, tabl. 25, il
Format: Buch
Sprache: Polnisch
Schlagworte:
ISBN: 9788375280210
Buchumschlag
X
alg: 39568236
001A    $01999:12-11-16 
001B    $03025:25-02-26 $t09:03:58.000 
001D    $01999:12-11-16 
001U    $0utf8 
001X    $00 
002@    $0Aax 
003@    $0395682363 
004A    $A978-83-7528-021-0 
007A    $0395682363 $aHEB 
007T    $0Herdkk00017642 
010@    $apol 
011@    $a2008 
021A    $aHalo, tu Okęcie wieża! Wspomnienia nestora kontrolerów ruchu lotniczego Międzynarodowego Dworca Lotniczego w Warszawie 
028A    $aJanczak $dJan Henryk 
033A    $pGdańsk $nMarpress 
034D    $a157, tabl. 25, il 
037A    $aLata 1947-1977  
044K    $RWarschau $#Okęcie Warschau $74754248-2 $8Warschau-Okęcie [Tg1] $9115081968 
045F    $a900.94380904 $eDDC23BSB 
045F/01 $a900 
045F/03 $f0904 
045F/03 $g438 

lok: 39568236 78

exp: 39568236 78 1 #EPN
201B/01 $008-11-17 $t21:46:33.000 
201U/01 $0utf8 
203@/01 $0792345703 
208@/01 $a12-11-16 $be 
209A/01 $a/ $f000 $x00 
220C/01 $aTitelaufnehmer: pbb 
220C/01 $aHerkunft: PBB/IH PAN 
244Z/01 $2Trx $#Poola $#Lenkija $#Polija $#Polen Land $#Poland $#Lengyelország $#Poľsko $#Polsko $8--Trx--Polska$gkraj $x01 $9391345966 
244Z/01 $2Trx $#Okęcie Warszawa $8--Trx--Warszawa-Okęcie $x02 $9391348353 
244Z/01 $#Warschau $#Warszawa $#Warszowa $#Varšava $#Varsovia $#Varsavia $#Varšavaq $#Varsó $#Miasto Stołeczne Warszawa $#Varsovie $#Warsaw $#Varšava $#Varšuva $#Varssavi $74079048-4 $8--Tg1--Warschau $x03 $9085224332 
244Z/01 $2Trx $#lennuplatsid $#oro uostai $#airports $#repülőterek $#lotniska $#letiská $#letiště $8--Trx--Flugplätze $x04 $9391361619 
244Z/01 $2Trx $#mälestused $#atsiminimai $#Memoirs $#emlékezések $#wspomnienia $#spomienky $#vzpomínky $#memuaarid $#Memoiren $#pamiętniki $#pamäti $#paměti $8--Trx--Erinnerungen $x05 $9391357727 
244Z/01 $2Trx $8--Trx--Monographie $x06 $9391384546 
245Z/01 $a03.04.04 $x01 
247C/01 $82080>Marburg/Lahn, Herder-Institut, Forschungsbibliothek, Bibliographieportal $9336309341
LEADER 00000cam a22000002c 4500
001 395682363
003 DE-603
005 20260225090358.0
007 tu
008 161112s2008 xx |||| | u00||u|pol c
020 |a 9788375280210 
035 |a (DE-599)HEB395682363 
040 |a DE-603  |b ger  |c DE-603  |d DE-603 
041 |a pol 
082 0 4 |8 1\u  |a 900.94380904  |q DE-101  |2 23/BSB 
085 |8 1\u  |b 900 
085 |8 1\u  |z 1  |s 0904 
085 |8 1\u  |z 2  |s 438 
100 1 |a Janczak, Jan Henryk 
245 0 0 |a Halo, tu Okęcie wieża! Wspomnienia nestora kontrolerów ruchu lotniczego Międzynarodowego Dworca Lotniczego w Warszawie 
264 1 |a Gdańsk  |b Marpress  |c 2008 
300 |a 157, tabl. 25, il 
500 |a Lata 1947-1977 <pol> 
651 7 |a Warschau-Okęcie  |0 (DE-588)4754248-2  |0 (DE-603)115081968  |2 gnd 
924 0 |9 2080  |a (DE-603)792345703  |b DE-2080  |c HES  |d d  |g /